Using Norton Utilities 6 (Record no. 6168)

000 -LEADER
fixed length control field 00487 a2200157 4500
020 ## - INTERNATIONAL STANDARD BOOK NUMBER
International Standard Book Number 088022861X
040 ## - CATALOGING SOURCE
Original cataloging agency DLC
Language of cataloging DLC
082 00 - DEWEY DECIMAL CLASSIFICATION NUMBER
Classification number 005.43
100 1# - MAIN ENTRY--PERSONAL NAME
Personal name Elliott, Alan C.,
245 10 - TITLE STATEMENT
Title Using Norton Utilities 6
Statement of responsibility, etc. Alan C. Elliott.
260 ## - PUBLICATION, DISTRIBUTION, ETC.
Place of publication, distribution, etc. Carmel, IN :
Name of publisher, distributor, etc. Que,
Date of publication, distribution, etc. c1992.
300 ## - PHYSICAL DESCRIPTION
Extent xxvi, 627 p. :
Other physical details ill. ;
Dimensions 24 cm.
500 ## - GENERAL NOTE
General note "Based on Norton Utilities 6.0.1, Norton Commander 3.0, and Norton Backup 1.1"--T.p. verso.
500 ## - GENERAL NOTE
General note Includes index.
942 ## - ADDED ENTRY ELEMENTS (KOHA)
Koha item type Book
Call number prefix 005.43 ELL
Source of classification or shelving scheme
Holdings
Withdrawn status Lost status Damaged status Not for loan Collection code Permanent Location Current Location Shelving location Date acquired Source of acquisition Total Checkouts Full call number Barcode Date last seen Price effective from Koha item type
          Central Library (CL) Central Library (CL) First Floor - Operating System/ Data Structure 10/20/2005 Donation   005.43 ELL SEECS006573 11/14/2012 01/05/2017 Book
© 2023 Central Library, National University of Sciences and Technology. All Rights Reserved.